Kluby T-Mobile Ekstraklasy 2014/2015 - Statystyki

Ogólne statystyki
  • Ten quiz został rozwiązany 265 razy
  • Średni wynik to 12 z 16
Statystyki odpowiedzi
Odpowiedź % Poprawnych
11 Legia Warszawa
100%
10 Lech Poznań
96%
6 Wisła Kraków
91%
12 Lechia Gdańsk
90%
13 Pogoń Szczecin
86%
1 Śląsk Wrocław
85%
15 Cracovia
81%
3 Górnik Zabrze
81%
2 Ruch Chorzów
80%
5 Jagiellonia Białystok
78%
14 Piast Gliwice
76%
4 Korona Kielce
69%
7 Podbeskidzie Bielsko-Biała
62%
9 Górnik Łęczna
58%
8 GKS Bełchatów
55%
16 Zawisza Bydgoszcz
53%
Nie znaleziono quizów pasujących do podanych kryteriów
Rozkład punktacji
Procent ludzi z każdym wynikiem
Percentyl według liczby udzielonych odpowiedzi
Twoja historia wyników
Nie rozwiązałeś tego quizu